Uruguay: Situación y perspectivas del sector agropecuario en el marco de la integración subregional /
Uloženo v:
| Korporace: | , |
|---|---|
| Médium: | Kniha |
| Jazyk: | Spanish |
| Vydáno: |
San José, Costa Rica:
Instituto Interamericano de Cooperación para la Agricultura,
1992
|
| Tagy: |
Přidat tag
Žádné tagy, Buďte první, kdo vytvoří štítek k tomuto záznamu!
|
MARC
| LEADER | 00000nam a22000007a 4500 | ||
|---|---|---|---|
| 003 | cru CIDCACS/IIS | ||
| 005 | 20240705112549.0 | ||
| 008 | 240703b1992 uy ||||| |||| 00| 0 spa d | ||
| 020 | |a [Sin ISBN] | ||
| 040 | |a cru CIDCACS/IIS |b spa |c cru CIDCACS/IIS | ||
| 090 | |a 07.01.02 I59u | ||
| 110 | 2 | |a Instituto Interamericano de Cooperación para la Agricultura (Costa Rica) |9 117 | |
| 245 | 1 | |a Uruguay: |b Situación y perspectivas del sector agropecuario en el marco de la integración subregional / |c Instituto Interamericano de Cooperación para la Agricultura |h [impreso] | |
| 260 | |a San José, Costa Rica: |b Instituto Interamericano de Cooperación para la Agricultura, |c 1992 | ||
| 300 | |a 124 páginas: |b tablas | ||
| 650 | 0 | 7 | |0 TESAUROS |2 TESAUROS |
| 710 | 1 | |a Ministerio de Ganadería, Agricultura y Pesca (MGAP) |9 12212 | |
| 942 | |2 z |c LI |h <script>document.querySelector('[id^="tag_090_subfield_a"]').value</script> |i 16439 |k 07.01.02 |m I59u |6 SCRIPTDOCUMENTQUERYSELECTORIDTAG_090_SUBFIELD_AVALUESCRIPT_16439 | ||
| 999 | |c 45857 |d 45857 | ||
